LEADER 01622nam 2200397 450 001 000006885 005 20050718115200.0 010 $a0-87933-176-3$b(Parte 1) 100 $a20010105d1979----km-y0itay0103----ba 101 0 $aeng 102 $aUS 200 1 $a<> encyclopedia of soil science$fedited by Rhodes W. Fairbridge, Charles W. Finkl, Jnr. 210 $aStroudsburg, Pennsylvania$cDowden, Hutchinson and Ross$dc1979- 215 $av.$cill.$d26 cm. 225 1 $aEncyclopedia of earth sciences$v12 327 $a<> Physics, chemistry, biology, fertility, and technology. - c1979. - XXI, 646 p. 606 $aPedologia 676 $a631.403$v(20. ed.)$9Specifiche tecniche; apparecchi, attrezzature, materiali. Pedologia. Dizionari, enciclopedie, concordanze 702 1$aFairbridge,$bRhodes Whitmore 702 1$aFinkl,$bCharles W. 801 0$aIT$bUniversità della Basilicata - B.I.A.$gRICA$2unimarc 912 $a000006885 996 $aEncyclopedia of soil science$975969 997 $aUNIBAS BAS $aMONAGR BAS $aMONOGR BAS $aAGRARIA CAT $aTORRE$b20$c20010105$lBAS01$h1124 CAT $aTORRE$b20$c20010105$lBAS01$h1129 CAT $c20050601$lBAS01$h1753 CAT $abatch$b01$c20050718$lBAS01$h1049 CAT $c20050718$lBAS01$h1108 CAT $c20050718$lBAS01$h1138 CAT $c20050718$lBAS01$h1152 FMT Z30 -1$lBAS01$LBAS01$mBOOK$1BASA2$APolo Tecnico-Scientifico$2DID$BDidattica$3PTS.s3.p54.4$645502$5A45502$820010105$b1$eXXI, 646$f04$FPrestabile Didattica$hVol. 1.: Physics, chemistry, biology, fertility, and technology LEADER 03231oam 2200469z- 450 001 9910149528403321 005 20161022191038.0 010 $a2-336-39414-6 010 $a2-336-74425-2 035 $a(CKB)3810000000044576 035 $a(BIP)057873644 035 $a(VLeBooks)9782336744254 035 $a(EXLCZ)993810000000044576 100 $a20220209c2015uuuu -u- - 101 0 $afre 200 $aLes Familles Africaines Et Le Mythe De l'Occident: Destins Migratoires Singuliers 210 $cEditions L'L'Harmattan$d2015 215 $a1 online resource (243 p.) $cill 225 $aCompetences interculturelles 311 $a2-343-05417-7 327 $tPre?face. Parente?s et apparentements des "Africains" en immigration et autres regards sur les espaces d'origine et d'installation /$rAltay Manc?o --$tL'impense? des discours sur le ve?cu migratoire des Africains en Occident /$rJoseph Gatugu --$tDe la colonisation politique a? la colonisation symbolique : d'une servitude a? l'autre. Comprendre la migration matrimoniale de la femme mauricienne vers l'Europe et la Suisse /$rBhama Peerun Steiger --$tEntre la re?unification et la recomposition : cheminements familiaux pour les immigrants africains subsahariens au Canada /$rPaulin Mulatris, Georges-Malanga Liboy --$tLes nouveaux ce?libataires ge?ographiques africains /$rJoseph Gatugu --$tLe divorce et ses effets au sein de la diaspora subsaharienne de Belgique /$rJacques Mubalamata Kabongo --$tLes jeunes issus de l'immigration subsaharienne en Belgique /$rUral Manc?o, Mireille-Tsheusi Robert, Billy Kalonji --$tTe?moignages sur le ve?cu migratoire des familles africaines en Angleterre /$rMarie-Louise Hatungimana, Christine K. Muanda --$tPerspectives et recommandations /$rJoseph Gatugu. 330 $aPour les Africains subsahariens qui n'ont jamais foule le sol occidental, l'Occident represente un ailleurs merveilleux, un paradis sur terre, le lieu de la vraie vie... Cependant, la realite de l'Occident est tout autre. Cet ouvrage rapporte les experiences singulieres de familles africaines residantes. Dans ce nouvel espace de vie, des difficultes de valorisation identitaire et culturelle, de cohesion conjugale, d'education des enfants, d'insertion socioprofessionnelle, etc., sont a affronter. 606 $aAfricans$zEurope$xSocial conditions 606 $aImmigrant families$zAfrica, Sub-Saharan 606 $aImmigrant families$zEurope$xSocial conditions 606 $aImmigrants$xCultural assimilation$zEurope 606 $aAfrican diaspora 607 $aAfrica, Sub-Saharan$xEmigration and immigration 607 $aEurope$xEmigration and immigration 610 $aWorld history 610 $aHistory 615 0$aAfricans$xSocial conditions. 615 0$aImmigrant families 615 0$aImmigrant families$xSocial conditions. 615 0$aImmigrants$xCultural assimilation 615 0$aAfrican diaspora. 700 $aGatugu$01747020 712 02$aInstitut de recherche, formation et action sur les migrations Staff,$4oth 906 $aBOOK 912 $a9910149528403321 996 $aLes Familles Africaines Et Le Mythe De l'Occident: Destins Migratoires Singuliers$94178954 997 $aUNINA LEADER 03484nam 2200853Ia 450 001 9910962274703321 005 20200520144314.0 010 $a9781032296449 010 $a1032296445 010 $a9781134688555 010 $a1134688555 010 $a9780203447345 010 $a0203447344 010 $a9781134688562 010 $a1134688563 010 $a9781280067082 010 $a128006708X 010 $a9780203426517 010 $a0203426517 024 7 $a10.4324/9780203426517 035 $a(CKB)1000000000252784 035 $a(EBL)181624 035 $a(OCoLC)63205752 035 $a(SSID)ssj0000071187 035 $a(PQKBManifestationID)11109686 035 $a(PQKBTitleCode)TC0000071187 035 $a(PQKBWorkID)10071563 035 $a(PQKB)10174669 035 $a(Au-PeEL)EBL181624 035 $a(CaPaEBR)ebr10095113 035 $a(CaONFJC)MIL6708 035 $a(OCoLC)191935558 035 $a(MiAaPQ)EBC181624 035 $a(EXLCZ)991000000000252784 100 $a19981110d1998 uy 0 101 0 $aeng 135 $aurcn||||||||| 181 $ctxt 182 $cc 183 $acr 200 00$aPost-colonial Shakespeares /$fedited by Ania Loomba and Martin Orkin 205 $a1st ed. 210 $aLondon ;$aNew York $cRoutledge$d1998 215 $a1 online resource (321 p.) 225 1 $aNew accents 300 $aDescription based upon print version of record. 311 08$a9780415173872 311 08$a0415173876 311 08$a9780415173865 311 08$a0415173868 320 $aIncludes bibliographical references (p. [277]-298) and index. 327 $aBook Cover; Title; Contents; General editor's preface; Contributors; Acknowledgements; Introduction: Shakespeare and the post-colonial question; 'This Tunis, sir, was Carthage': Contesting colonialism in The Tempest; 'A most wily bird': Leo Africanus, Othello and the trafficking in difference; 'These bastard signs of fair': Literary whiteness in Shakespeare's sonnets; ''Tis not the fashion to confess': 'Shakespeare-Postcoloniality-Johannesburg, 1996'; Nation and place in Shakespeare: The case of Jerusalem as a national desire in early modern English drama; Bryn Glas 327 $a'Local-manufacture made-in-India Othello fellows': Issues of race, hybridity and location in post-colonial Shakespeares Post-colonial Shakespeare? Writing away from the centre; Possessing the book and peopling the text; Shakespeare and Hanekom, King Lear and land: A South African perspective; From the colonial to the post-colonial: Shakespeare and education in Africa; Shakespeare, psychoanalysis and the colonial encounter: The case of 330 $aThis focused collection of essays explores the multiple possibilities for the study of Shakespeare in an emerging postcolonial period. 410 0$aNew accents (Routledge (Firm)) 606 $aImperialism in literature 606 $aColonies in literature 606 $aRace in literature 606 $aPostcolonialism 615 0$aImperialism in literature. 615 0$aColonies in literature. 615 0$aRace in literature. 615 0$aPostcolonialism. 676 $a809.93358 676 $a822.33 701 $aLoomba$b Ania$0144729 701 $aOrkin$b Martin$0692976 801 0$bMiAaPQ 801 1$bMiAaPQ 801 2$bMiAaPQ 906 $aBOOK 912 $a9910962274703321 996 $aPost-colonial Shakespeares$94370464 997 $aUNINA